000 00520nam a2200181Ia 4500
005 20250508150503.0
008 008 250505s9999 xx 000 0 eng d
037 _aTextual
040 _aFEDL
_beng
_cFEDL
041 _aeng
_2eng
084 _a808.3, THO
_qFEDL
100 _aThomson Christine Campbell
_9756794
245 0 _aRight way to write successful fiction
260 _aKingswood, UK
_bAndrew George Elliot
_c1946
300 _a111p.
942 _cTEXL
_h808.3, THO
999 _c1323869
_d1323869